Effect de quantite et mode d'application de chaux sur la culture de moutarde sur sol acide a svay chrum svay rieng, ការសិក្សាអំពីឥទ្ធិពលនៃបរិមាណ និងរបៀបនៃការប្រើប្រាស់កំបោរលើដំណាំស្ពៃខៀវនៅខេត្តស្វាយរៀង (Record no. 1523)
[ view plain ]
| 000 -LEADER | |
|---|---|
| fixed length control field | 00734nam a22001577a 4500 |
| 003 - CONTROL NUMBER IDENTIFIER | |
| control field | OSt |
| 005 - DATE AND TIME OF LATEST TRANSACTION | |
| control field | 20150930151504.0 |
| 008 - FIXED-LENGTH DATA ELEMENTS--GENERAL INFORMATION | |
| fixed length control field | 150930b xxu||||| |||| 00| 0 eng d |
| 040 ## - CATALOGING SOURCE | |
| Transcribing agency | RUA |
| 082 ## - DEWEY DECIMAL CLASSIFICATION NUMBER | |
| Classification number | AGR LIM 2008 B063 Or.1 |
| 100 ## - MAIN ENTRY--PERSONAL NAME | |
| 9 (RLIN) | 1613 |
| Personal name | LIM, NALUCH. |
| 245 ## - TITLE STATEMENT | |
| Title | Effect de quantite et mode d'application de chaux sur la culture de moutarde sur sol acide a svay chrum svay rieng, ការសិក្សាអំពីឥទ្ធិពលនៃបរិមាណ និងរបៀបនៃការប្រើប្រាស់កំបោរលើដំណាំស្ពៃខៀវនៅខេត្តស្វាយរៀង |
| 260 ## - PUBLICATION, DISTRIBUTION, ETC. (IMPRINT) | |
| Place of publication, distribution, etc. | Phnom Penh |
| Name of publisher, distributor, etc. | RUA |
| Date of publication, distribution, etc. | 2008 |
| 300 ## - PHYSICAL DESCRIPTION | |
| Extent | viii; 42p. |
| Other physical details | ill. |
| Dimensions | 29cm. |
| 942 ## - ADDED ENTRY ELEMENTS (KOHA) | |
| Source of classification or shelving scheme | |
| Koha item type | AGR |
| Price effective from | Date last seen | Permanent Location | Not for loan | Date acquired | Source of classification or shelving scheme | Koha item type | Lost status | Withdrawn status | Date last checked out | Total Checkouts | Shelving location | Damaged status | Barcode | Current Location | Full call number |
|---|---|---|---|---|---|---|---|---|---|---|---|---|---|---|---|
| 2015-09-30 | 2015-09-30 | Library Block B | 2015-09-30 | AGR | B063 | RUA009863 | Library Block B | AGR LIM 2008 B063 Or.1 | |||||||
| 2015-09-30 | 2015-09-30 | Library Block B | 2015-09-30 | AGR | B063 | RUA009864 | Library Block B | AGR LIM 2008 B063 Or.2 | |||||||
| 2015-09-30 | 2015-09-30 | Library Block B | 2015-09-30 | AGR | B063 | RUA009935 | Library Block B | AGR LIM 2008 B063 Or.3 | |||||||
| 2015-09-30 | 2015-09-30 | Library Block B | 2015-09-30 | AGR | B063 | RUA009920 | Library Block B | AGR LIM 2008 B063 Or.4 | |||||||
| 2015-09-30 | 2015-09-30 | Library Block B | 2015-09-30 | AGR | B063 | RUA009848 | Library Block B | AGR LIM 2008 B063 Or.5 | |||||||
| 2015-09-30 | 2019-12-09 | Library Block B | 2015-09-30 | AGR | 2019-12-02 | 1 | B063 | RUA009776 | Library Block B | AGR LIM 2008 B063 Or.6 | |||||
| 2015-09-30 | 2015-09-30 | Library Block B | 2015-09-30 | AGR | B063 | RUA009704 | Library Block B | AGR LIM 2008 B063 Or.7 |